[Event "African Individual Championship"]
[Site "?"]
[Date "2005.11.07"]
[Round "3"]
[White "Mandizha, F (ZIM)."]
[Black "van den Heever, DO (RSA)."]
[Result "0-1"]
[WhiteElo "2242"]
[BlackElo "2132"]
[PlyCount "104"]
[EventDate "2005.11.04"]
[SourceDate "2005.11.05"]

1. d4 d5 2. c4 c6 3. Nc3 Nf6 4. Nf3 e6 5. Bg5 h6 6. Bh4 dxc4 7. a4 Bb4 8. e3 b5
9. Be2 Nbd7 10. O-O Qb6 11. Qc2 a5 12. Rfd1 Ba6 13. e4 O-O 14. d5 cxd5 15. exd5
exd5 16. Nxd5 Nxd5 17. Rxd5 Qc6 18. Rad1 Nb6 19. Rf5 Rae8 20. Ne5 Qc7 21. Bg3
Qe7 22. Bh5 f6 23. Bxe8 Rxe8 24. Bh4 Bc8 25. Rh5 Bg4 26. Rxh6 Qxe5 27. Qh7+ Kf8
28. f4 Qf5 29. Rg6 Qxg6 30. Qxg6 Bxd1 31. h3 Nxa4 32. Bxf6 Re1+ 33. Kh2 gxf6
34. Qxf6+ Ke8 35. Qc6+ Ke7 36. Qb7+ Kd6 37. Qa6+ Kc7 38. Qa7+ Kc6 39. Qa8+ Kc5
40. Qa7+ Kd5 41. Qb7+ Kd4 42. Qd7+ Ke3 43. Qxb5 Nxb2 44. Qe5+ Kd3 45. Qxb2 c3
46. Qb1+ c2 47. Qb3+ Kd4 48. Qb2+ Kc4 49. Kg3 Re3+ 50. Kh2 Rb3 51. Qa1 Rb1 52.
Qa2+ Kc3 0-1

[Event "African Individual Championship"]
[Site "?"]
[Date "2005.11.07"]
[Round "3"]
[White "Meyer, M (RSA)."]
[Black "Alberto, M (ANG)."]
[Result "0-1"]
[WhiteElo "2162"]
[BlackElo "2123"]
[PlyCount "78"]
[EventDate "2005.11.04"]
[SourceDate "2005.11.05"]

1. e4 e5 2. Nf3 Nc6 3. Bc4 Nf6 4. d3 Be7 5. O-O O-O 6. c3 d5 7. exd5 Nxd5 8.
Re1 Bg4 9. Nbd2 Kh8 10. Bb5 f6 11. Bxc6 bxc6 12. Qa4 Qd7 13. d4 Nb6 14. Qc2
exd4 15. Nxd4 c5 16. N4f3 Bd6 17. Nf1 Rae8 18. Be3 Bxf3 19. gxf3 Nc4 20. Kg2 f5
21. f4 g5 22. b3 Qc6+ 23. f3 Nxe3+ 24. Nxe3 g4 25. Qf2 Bxf4 26. Rad1 Bxe3 27.
Rxe3 f4 28. Rxe8 Rxe8 29. Rd3 Qg6 30. Qd2 gxf3+ 31. Kxf3 Qh5+ 32. Kf2 Qxh2+ 33.
Kf1 Qh1+ 34. Kf2 Rg8 35. Qxf4 Rg2+ 36. Kf3 Rh2+ 37. Ke3 Qe1+ 38. Kf3 Qe2+ 39.
Kg3 Qg2# 0-1

[Event "African Individual Championship"]
[Site "?"]
[Date "2005.11.07"]
[Round "3"]
[White "Pedro, A (ANG)."]
[Black "Bouah, LJ (RSA)."]
[Result "1-0"]
[WhiteElo "2287"]
[BlackElo "2187"]
[PlyCount "75"]
[EventDate "2005.11.04"]
[SourceDate "2005.11.05"]

1. Nf3 Nf6 2. d4 g6 3. c4 Bg7 4. Nc3 O-O 5. e4 d6 6. Be2 e5 7. O-O Nc6 8. d5
Ne7 9. b4 Nd7 10. Be3 h6 11. Nd2 f5 12. f3 f4 13. Bf2 Nf6 14. c5 Bd7 15. Nc4
Nc8 16. a4 Rf7 17. Qb3 g5 18. Na5 b6 19. Nc6 Qf8 20. a5 bxc5 21. bxc5 g4 22.
Rfb1 g3 23. hxg3 fxg3 24. Bxg3 Nh5 25. Bh2 Ne7 26. Qb7 Nxc6 27. dxc6 Be6 28.
cxd6 cxd6 29. c7 Rc8 30. Nb5 Bf6 31. Rc1 Bg5 32. Bc4 Be3+ 33. Kh1 Bxc4 34. Rxc4
Rxf3 35. Qxc8 Qxc8 36. Nxd6 Rh3 37. gxh3 Ng3+ 38. Kg2 1-0

[Event "African Individual Championship"]
[Site "?"]
[Date "2005.11.07"]
[Round "3"]
[White "Andrade, I (MOZ)."]
[Black "El Taher, F (EGY)."]
[Result "0-1"]
[WhiteElo "2482"]
[BlackElo "2111"]
[Annotator "vd,Gunther"]
[PlyCount "111"]
[EventDate "2005.11.04"]
[SourceDate "2005.11.05"]

1. e4 e5 2. Nf3 Nc6 3. Bb5 a6 4. Ba4 Nf6 5. O-O b5 6. Bb3 Be7 7. Re1 d6 8. c3
O-O 9. h3 h6 10. d4 Re8 11. Nbd2 Bf8 12. a4 Bd7 13. Bc2 exd4 14. Nxd4 Ne5 15.
Nf1 c5 16. Nf5 Bc6 17. f3 Ng6 18. N1e3 Qb6 19. a5 Qc7 20. c4 bxc4 21. Nxc4 d5
22. exd5 Nxd5 23. Rxe8 Rxe8 24. Be4 Ndf4 25. Qc2 Bxe4 26. fxe4 Qc6 27. Bxf4
Nxf4 28. e5 f6 29. Re1 fxe5 30. Rxe5 g6 31. Rxe8 Qxe8 32. Nfe3 Bg7 33. Qd2 Bd4
34. Kh2 Qb8 35. g3 Nh5 36. Qg2 Kh7 37. h4 Nf6 38. Qc6 Qa7 39. Qb6 Qe7 40. Qxa6
Ng4+ 41. Kh3 Nxe3 42. Nxe3 Bxe3 43. h5 gxh5 44. Qc6 Kg7 45. a6 Bd4 46. Qd5 Qc7
47. b4 Qc8+ 48. Kh2 Qxa6 49. bxc5 Qe2+ 50. Qg2 Qe7 51. c6 Be5 52. Kh1 Qg5 53.
c7 Qc1+ 54. Qg1 Qxc7 55. Qd1 Qe7 56. Kg2 {Notation unclear} 0-1

[Event "African Individual Championship"]
[Site "?"]
[Date "2005.11.07"]
[Round "3"]
[White "Jere, D (ZAM)."]
[Black "Kobese, AKW (RSA)."]
[Result "1-0"]
[WhiteElo "2195"]
[BlackElo "2403"]
[PlyCount "113"]
[EventDate "2005.11.04"]
[SourceDate "2005.11.05"]

1. c4 e5 2. Nc3 Nc6 3. g3 f5 4. Bg2 Nf6 5. d3 Bc5 6. Nf3 d6 7. O-O O-O 8. a3 a5
9. e3 Qe8 10. d4 Ba7 11. b4 Bd7 12. b5 Nd8 13. dxe5 dxe5 14. Bb2 Nf7 15. Qb3
Kh8 16. Rad1 e4 17. Ne1 Be6 18. Nd5 Bxd5 19. cxd5 a4 20. Qxa4 Bxe3 21. Qb3 Bc5
22. Nc2 Ne5 23. Nd4 Bxd4 24. Bxd4 Qe7 25. a4 Rad8 26. Bb2 Rfe8 27. f3 Nd3 28.
Bxf6 Qxf6 29. h3 Nc5 30. Qc4 Qd6 31. fxe4 fxe4 32. Rf4 e3 33. Re1 Re7 34. Rf3
Rde8 35. Qd4 e2 36. Kh2 b6 37. Rf2 Re3 38. Qg4 Qe5 39. Rf5 Qe7 40. d6 cxd6 41.
Rh5 g6 42. Qxg6 Qg7 43. Qxd6 Nd3 44. Rxe2 Rxe2 45. Qxd3 R2e3 46. Qd6 Rg8 47. g4
Rge8 48. Qxb6 Re2 49. Rf5 Rc2 50. Qd6 h6 51. Rf6 Kh7 52. Qd3+ Kh8 53. Qxc2 Qxf6
54. Qc7 Re5 55. Qc3 Qf4+ 56. Qg3 Qd4 57. b6 1-0

[Event "African Individual Championship"]
[Site "?"]
[Date "2005.11.07"]
[Round "3"]
[White "Fhrat, A (EGY)."]
[Black "Simutowe, A (ZAM)."]
[Result "1/2-1/2"]
[WhiteElo "2306"]
[BlackElo "2458"]
[PlyCount "91"]
[EventDate "2005.11.04"]
[SourceDate "2005.11.05"]

1. e4 c5 2. Nf3 e6 3. d4 cxd4 4. Nxd4 a6 5. Nc3 Bc5 6. Nb3 Ba7 7. Bd3 Nc6 8.
Qe2 Nge7 9. Be3 O-O 10. Bxa7 Rxa7 11. O-O f5 12. exf5 Nxf5 13. Rad1 d5 14. Bxf5
Rxf5 15. Qe3 b5 16. Nd4 Nxd4 17. Rxd4 Raf7 18. a4 bxa4 19. Rxa4 e5 20. Qc5 Bb7
21. Rb4 h5 22. Rxb7 Rxb7 23. Nxd5 Rb5 24. Ne7+ Kf7 25. Qxb5 axb5 26. Nxf5 e4
27. Ne3 Qd4 28. b3 h4 29. Rd1 Qb2 30. h3 Ke6 31. Kf1 Qc3 32. Ke2 g6 33. Rd8 Kf7
34. Rd7+ Kf8 35. Rd5 b4 36. Rg5 Qc6 37. Re5 Qa6+ 38. Nc4 Qa2 39. Kd2 Qa8 40.
Rb5 Qa1 41. Ne3 Qc3+ 42. Ke2 Kf7 43. Rb7+ Kf8 44. Rd7 Qc5 45. Rd5 Qc3 46. Rd6
1/2-1/2

[Event "African Individual Championship"]
[Site "?"]
[Date "2005.11.07"]
[Round "3"]
[White "Adly, A (EGY)."]
[Black "Ismail, H (EGY)."]
[Result "1-0"]
[WhiteElo "2480"]
[BlackElo "2356"]
[PlyCount "83"]
[EventDate "2005.11.04"]
[SourceDate "2005.11.05"]

1. d4 d5 2. Nf3 Nf6 3. e3 b6 4. c4 e6 5. cxd5 exd5 6. Bb5+ c6 7. Bd3 Bd6 8. Nc3
O-O 9. Ne5 Qc7 10. f4 Bb4 11. O-O Bxc3 12. bxc3 c5 13. Ba3 Re8 14. c4 Bb7 15.
dxc5 bxc5 16. cxd5 Bxd5 17. Rc1 Nbd7 18. Nxd7 Qxd7 19. Bxc5 Rec8 20. Ba6 Rd8
21. Qe2 Ne4 22. Bd4 Qe6 23. f5 Qd6 24. a4 f6 25. a5 Rd7 26. Bd3 a6 27. Bb6 Bb7
28. Bc4+ Kh8 29. Be6 Re7 30. Rfd1 Qe5 31. Qc4 g6 32. Qd4 Qb5 33. Rb1 Qc6 34.
Rbc1 Qb5 35. Rb1 Qc6 36. Rdc1 Qe8 37. Bc5 Rg7 38. Rxb7 Nxc5 39. Rxg7 Nxe6 40.
fxe6 Kxg7 41. Rc7+ Kg8 42. Qh4 1-0

[Event "African Individual Championship"]
[Site "?"]
[Date "2005.11.07"]
[Round "3"]
[White "Belkhodja, S (TUN)."]
[Black "Elgabry, M (EGY)."]
[Result "1-0"]
[WhiteElo "2490"]
[BlackElo "2333"]
[PlyCount "75"]
[EventDate "2005.11.04"]
[SourceDate "2005.11.05"]

1. e4 c5 2. Nf3 e6 3. d4 cxd4 4. Nxd4 a6 5. Bd3 b5 6. O-O Qc7 7. Qe2 Nc6 8.
Nxc6 dxc6 9. a4 Bb7 10. Nd2 Nf6 11. Nb3 Nd7 12. Bd2 b4 13. f4 Nc5 14. Nxc5
Bxc5+ 15. Kh1 a5 16. f5 e5 17. c3 Be7 18. Bc4 h5 19. cxb4 axb4 20. Rfd1 Qa5 21.
b3 Rd8 22. Be3 Rxd1+ 23. Rxd1 Bc8 24. h3 Kf8 25. Qf2 Kg8 26. Bb6 Qa8 27. Bc7
Ba6 28. Bxa6 Qxa6 29. Bxe5 Qa5 30. Qg3 Rh7 31. f6 Bd8 32. Rd7 h4 33. Qg6 fxg6
34. f7+ Kf8 35. Bd6+ Be7 36. Rxe7 Qe5 37. Rxe5+ Kxf7 38. a5 1-0

[Event "African Individual Championship"]
[Site "?"]
[Date "2005.11.08"]
[Round "4"]
[White "van den Heever, DO (RSA)."]
[Black "Pedro, J (ANG)."]
[Result "0-1"]
[WhiteElo "2130"]
[BlackElo "2287"]
[PlyCount "67"]
[EventDate "2005.11.04"]
[SourceDate "2005.11.05"]

1. e4 c5 2. Nf3 d6 3. d4 cxd4 4. Nxd4 Nf6 5. Nc3 e6 6. Be2 Be7 7. Be3 Nc6 8. g4
Nxd4 9. Bxd4 Qa5 10. Bb5+ Kf8 11. Bxf6 gxf6 12. Qd2 h5 13. gxh5 Rxh5 14. Be2
Rh4 15. f4 f5 16. O-O-O fxe4 17. Rhg1 Qf5 18. Rdf1 d5 19. h3 Qh7 20. Qd4 Qh8
21. Qa4 Rxh3 22. f5 Rh4 23. Nb5 Qe5 24. Nxa7 exf5 25. Qa5 Qd4 26. Qc7 Qe3+ 27.
Kb1 Qxa7 28. Rg8+ Kxg8 29. Qxe7 Rh6 30. Qe8+ Kg7 31. Qe5+ Kh7 32. Rxf5 Rh1+ 33.
Bf1 Bxf5 34. Qxf5+ 0-1

[Event "African Individual Championship"]
[Site "?"]
[Date "2005.11.08"]
[Round "4"]
[White "El Taher, F (EGY)."]
[Black "Sousa, A (ANG)."]
[Result "1-0"]
[WhiteElo "2482"]
[BlackElo "2214"]
[PlyCount "90"]
[EventDate "2005.11.04"]
[SourceDate "2005.11.05"]

1. e4 c5 2. Nf3 d6 3. d4 cxd4 4. Nxd4 Nf6 5. Nc3 g6 6. g3 Nc6 7. Bg2 Nxd4 8.
Qxd4 Bg7 9. O-O O-O 10. Qd3 Qa5 11. h3 Be6 12. Bd2 Qc7 13. Rfe1 Rac8 14. Rac1
a6 15. b3 Rfe8 16. Ne2 Nd7 17. c4 Nc5 18. Qe3 a5 19. Nf4 b6 20. Bc3 Bxc3 21.
Rxc3 Nd7 22. h4 Qc5 23. Nxe6 fxe6 24. Bh3 Nf8 25. e5 Qxe3 26. Rcxe3 Kf7 27.
Rf3+ Kg7 28. exd6 exd6 29. Rd3 Rcd8 30. Red1 Kf6 31. Rxd6 Rxd6 32. Rxd6 Rb8 33.
Rc6 Ke7 34. c5 bxc5 35. Rxc5 Ra8 36. Kf1 Kd6 37. Rb5 Nd7 38. Bg2 Ra6 39. Ke2 a4
40. b4 Rb6 41. Rxb6+ Nxb6 42. Kd3 e5 43. Be4 Ke6 44. Kc3 Kd6 45. h5 gxh5 1-0

[Event "African Individual Championship"]
[Site "?"]
[Date "2005.11.08"]
[Round "4"]
[White "Elgabry, M (EGY)."]
[Black "Jere, D (ZAM)."]
[Result "1-0"]
[WhiteElo "2333"]
[BlackElo "2195"]
[PlyCount "73"]
[EventDate "2005.11.04"]
[SourceDate "2005.11.05"]

1. Nf3 Nf6 2. g3 g6 3. Bg2 Bg7 4. O-O O-O 5. c4 d6 6. d4 Nc6 7. Nc3 a6 8. h3
Rb8 9. a4 Na5 10. Nd2 c5 11. d5 e6 12. e4 exd5 13. cxd5 b5 14. axb5 axb5 15.
Nb3 Nc4 16. Qc2 Qb6 17. Kh2 Ne8 18. Nd1 f5 19. Ne3 Nxe3 20. Bxe3 fxe4 21. Bxe4
Nf6 22. Bg2 Bf5 23. Qe2 Qc7 24. Rfc1 Qf7 25. Ra6 c4 26. Nd4 Bd3 27. Qd2 Nxd5
28. Ra7 Qxa7 29. Bxd5+ Kh8 30. Ne6 Qf7 31. Ra1 Qf5 32. Ra7 Qxd5 33. Rxg7 Rb7
34. Qc3 Qe5 35. Rxb7 Be4 36. Bd4 Rxf2+ 37. Bxf2 1-0

[Event "African Individual Championship"]
[Site "?"]
[Date "2005.11.08"]
[Round "4"]
[White "Rizouk, A (ALG)."]
[Black "Frhat, A (EGY)."]
[Result "0-1"]
[WhiteElo "2499"]
[BlackElo "2306"]
[PlyCount "48"]
[EventDate "2005.11.04"]
[SourceDate "2005.11.05"]

1. e4 c5 2. Nf3 Nc6 3. d4 cxd4 4. Nxd4 Nf6 5. Nc3 d6 6. Bg5 e6 7. Qd2 Be7 8.
O-O-O a6 9. f4 Nxd4 10. Qxd4 b5 11. Bxf6 gxf6 12. Kb1 Bb7 13. Be2 Qc7 14. Bf3
Rc8 15. f5 Qc5 16. fxe6 fxe6 17. Qd2 O-O 18. Bg4 Qe5 19. Rhe1 Kh8 20. Nd5 Rcd8
21. Nf4 Bxe4 22. Ng6+ hxg6 23. Qh6+ Kg8 24. Rd3 Rf7 0-1

[Event "African Individual Championship"]
[Site "?"]
[Date "2005.11.08"]
[Round "4"]
[White "Chumfwa, S (ZAM)."]
[Black "Adly, A (EGY)."]
[Result "0-1"]
[WhiteElo "2303"]
[BlackElo "2480"]
[PlyCount "88"]
[EventDate "2005.11.04"]
[SourceDate "2005.11.05"]

1. e4 c5 2. Nf3 d6 3. d4 Nf6 4. Nc3 cxd4 5. Nxd4 a6 6. Bc4 e6 7. Bb3 Nc6 8. Be3
Be7 9. Qe2 Na5 10. O-O e5 11. Nf5 Bxf5 12. exf5 Nxb3 13. axb3 h6 14. f4 O-O 15.
fxe5 dxe5 16. Bf2 Qc7 17. Bh4 Nh7 18. Bg3 Rfe8 19. Kh1 Bg5 20. Ne4 Nf6 21.
Nxf6+ Bxf6 22. Ra4 Rad8 23. Be1 Rd5 24. Re4 Red8 25. c4 Rd1 26. Bc3 Rxf1+ 27.
Qxf1 Qc6 28. Re1 e4 29. h3 Bxc3 30. bxc3 Rd3 31. Rc1 Qd6 32. Qe2 Qe5 33. Re1
Rxc3 34. Qxe4 Qxe4 35. Rxe4 Rxb3 36. Re8+ Kh7 37. Re7 f6 38. Rc7 a5 39. c5 Rb5
40. g4 a4 41. c6 bxc6 42. Rxc6 Ra5 43. Rc2 a3 44. Ra2 h5 0-1

[Event "African Individual Championship"]
[Site "?"]
[Date "2005.11.08"]
[Round "4"]
[White "Simutowe, A (ZAM)."]
[Black "Belkhodja, S (TUN)."]
[Result "0-1"]
[WhiteElo "2458"]
[BlackElo "2490"]
[PlyCount "36"]
[EventDate "2005.11.04"]
[SourceDate "2005.11.05"]

1. d4 d6 2. Nf3 Nf6 3. c4 g6 4. Nc3 Bf5 5. Qb3 Qc8 6. g3 c5 7. d5 Bg7 8. Bg2
O-O 9. O-O Na6 10. Re1 Bh3 11. Bh1 Nc7 12. e4 e5 13. dxe6 Nxe6 14. Nb5 Rd8 15.
Ng5 a6 16. Nxd6 Rxd6 17. e5 Nd4 18. Qxb7 Ne2+ 0-1

[Event "African Individual Championship"]
[Site "?"]
[Date "2005.11.08"]
[Round "4"]
[White "Domingos, C (ANG)."]
[Black "El Gindy, E (EGY)."]
[Result "0-1"]
[WhiteElo "2240"]
[BlackElo "2524"]
[PlyCount "40"]
[EventDate "2005.11.04"]
[SourceDate "2005.11.05"]

1. e4 c5 2. Nf3 d6 3. Bc4 e6 4. Qe2 Be7 5. O-O Nf6 6. Bb3 O-O 7. c3 b6 8. Rd1
Ba6 9. d3 Nc6 10. Nbd2 Qc7 11. Nf1 h6 12. Ng3 Rad8 13. Bc2 Rfe8 14. h3 Bf8 15.
Re1 Ne5 16. b3 d5 17. Nxe5 Qxe5 18. d4 Qxg3 19. fxg3 Bxe2 20. Rxe2 Nxe4 0-1

[Event "African Individual Championship"]
[Site "?"]
[Date "2005.11.08"]
[Round "4"]
[White "Ismail, H (EGY)."]
[Black "Njobvu, I (BOT)."]
[Result "1/2-1/2"]
[WhiteElo "2356"]
[BlackElo "2201"]
[PlyCount "123"]
[EventDate "2005.11.04"]
[SourceDate "2005.11.05"]

1. d4 d5 2. Nf3 Nf6 3. e3 e6 4. Bd3 c5 5. c3 Nc6 6. Nbd2 Qc7 7. O-O Bd6 8. dxc5
Bxc5 9. e4 O-O 10. Qe2 Ne5 11. Nxe5 Qxe5 12. Nf3 Qh5 13. e5 Nd7 14. Be3 b6 15.
Bd4 Bb7 16. Rac1 Rfc8 17. Qe3 Be7 18. Nd2 Nc5 19. Be2 Qg5 20. f4 Qg6 21. Rf3
Ba6 22. Rg3 Qf5 23. c4 dxc4 24. Nxc4 Qe4 25. b3 Rd8 26. Rd1 Qxe3+ 27. Bxe3
Rxd1+ 28. Bxd1 Rd8 29. Bc2 Bb7 30. Rh3 g6 31. g4 Ne4 32. a4 Nc5 33. Kf1 Ba6 34.
Bxc5 Bxc5 35. Rd3 Bxc4 36. bxc4 Rxd3 37. Bxd3 Be3 38. f5 Bf4 39. h3 Kf8 40.
fxe6 fxe6 41. Kg2 Ke7 42. h4 Bxe5 43. Kf3 Kd6 44. Ke4 Bf6 45. h5 g5 46. h6 Kc5
47. Ke3 Kb4 48. Bxh7 Kxc4 49. Ke4 Kc5 50. Bg6 a6 51. Bf7 Kd6 52. Be8 Bc3 53.
Kd3 Bh8 54. Ke4 Bf6 55. Kd3 Kd5 56. Ke3 Ke5 57. Bd7 Kd6 58. Bc8 a5 59. Ke4 Ke7
60. Ba6 Bb2 61. Bc4 Kf6 62. Bb3 1/2-1/2

[Event "African Individual Championship"]
[Site "?"]
[Date "2005.11.08"]
[Round "4"]
[White "Mbambara, T (ZAM)."]
[Black "Mandizha, F (ZIM)."]
[Result "0-1"]
[WhiteElo "2090"]
[BlackElo "2242"]
[PlyCount "120"]
[EventDate "2005.11.04"]
[SourceDate "2005.11.05"]

1. d4 e6 2. Nf3 Nf6 3. c4 b6 4. Nc3 Bb4 5. a3 Bxc3+ 6. bxc3 d6 7. Qc2 Bb7 8.
Nd2 Nc6 9. e4 e5 10. d5 Ne7 11. g3 O-O 12. Bg2 Nd7 13. O-O Nc5 14. Nb3 Qd7 15.
Be3 Qa4 16. Rfb1 Ba6 17. Bxc5 dxc5 18. Nd4 Qxc2 19. Nxc2 Bxc4 20. Ne3 Ba6 21.
c4 Nc8 22. f4 f6 23. fxe5 fxe5 24. Rb2 Nd6 25. Rc1 g6 26. Rf2 h5 27. h4 Rab8
28. Rfc2 Rf6 29. Rf2 Rxf2 30. Kxf2 b5 31. cxb5 Rxb5 32. g4 Rb2+ 33. Kg3 Rb3 34.
Kf2 Rb2+ 35. Kg3 Re2 36. Kf3 hxg4+ 37. Nxg4 Nxe4 38. Bf1 Nd2+ 39. Kg3 Nxf1+ 40.
Rxf1 Kg7 41. Rf6 Bb7 42. Re6 Rg2+ 43. Kxg2 Bxd5+ 44. Kf2 Bxe6 45. Nxe5 Kf6 46.
Nd3 c4 47. Nb4 Kf5 48. Nc6 Ke4 49. Ke2 Kf4 50. Nxa7 Bd7 51. a4 Ke4 52. Kd2 Kd4
53. a5 c3+ 54. Kc2 Kc4 55. a6 Kb4 56. Nb5 Bxb5 57. a7 Bc6 58. Kc1 Kb3 59. Kb1
Be4+ 60. Ka1 c2 0-1

[Event "African Individual Championship"]
[Site "?"]
[Date "2005.11.08"]
[Round "4"]
[White "Solomon, KT (RSA)."]
[Black "Cawdery, DJ (RSA)."]
[Result "1/2-1/2"]
[WhiteElo "2352"]
[BlackElo "2182"]
[PlyCount "49"]
[EventDate "2005.11.04"]
[SourceDate "2005.11.05"]

1. e4 c5 2. Nf3 d6 3. d4 cxd4 4. Nxd4 Nf6 5. Nc3 g6 6. Be3 Bg7 7. f3 O-O 8. Qd2
Nc6 9. Bc4 Bd7 10. O-O-O Qb8 11. g4 b5 12. Nxc6 Bxc6 13. Bd5 Rc8 14. Bxc6 Rxc6
15. Nd5 Nxd5 16. exd5 Rc4 17. Kb1 Qc7 18. h4 a5 19. h5 Rb4 20. b3 Bc3 21. Qh2
g5 22. Rd3 a4 23. Rxc3 Qxc3 24. Bd2 Qc5 25. Bxb4 1/2-1/2

[Event "African Individual Championship"]
[Site "?"]
[Date "2005.11.10"]
[Round "5"]
[White "van den Heever, DO (RSA)."]
[Black "Domingos, C (ANG)."]
[Result "0-1"]
[WhiteElo "2132"]
[BlackElo "2240"]
[PlyCount "122"]
[EventDate "2005.11.04"]
[SourceDate "2005.11.05"]

1. e4 c5 2. Nf3 Nc6 3. d4 cxd4 4. Nxd4 Nf6 5. Nc3 d6 6. Bc4 Qb6 7. Nb3 e6 8.
O-O a6 9. Kh1 Be7 10. f4 Qc7 11. a4 b6 12. Qe2 O-O 13. Bd2 Bb7 14. Bd3 Rfe8 15.
Nd1 e5 16. Ne3 exf4 17. Rxf4 Ne5 18. Raf1 Ng6 19. Rxf6 Bxf6 20. Rxf6 gxf6 21.
Ng4 Re5 22. Bc3 Qe7 23. Qf2 Kg7 24. Nd4 Bc8 25. Nf5+ Bxf5 26. exf5 Nf8 27. Nxe5
dxe5 28. Qxb6 Nd7 29. Qc6 Qd8 30. h3 a5 31. Qd5 Ra7 32. Bc4 Qe7 33. Bxa5 e4 34.
Be2 Qe5 35. Qxe5 Nxe5 36. b4 Nc6 37. Bb5 Nxa5 38. bxa5 Rxa5 39. Kg1 Kh6 40. c4
Kg5 41. c5 Kxf5 42. c6 Ra7 43. Kf2 Ke5 44. Ke3 f5 45. g3 f6 46. h4 h6 47. h5
Ra8 48. a5 Kd6 49. a6 Kc5 50. Be2 Kxc6 51. Kf4 Kd5 52. Kxf5 Kd4 53. Kxf6 Rg8
54. g4 Ke3 55. Bb5 Kf4 56. Kf7 Rb8 57. Bc6 e3 58. a7 Rc8 59. Bb7 Rd8 60. Ba6
Rd7+ 61. Ke6 Rxa7 0-1

[Event "African Individual Championship"]
[Site "?"]
[Date "2005.11.10"]
[Round "5"]
[White "Mandizha, F (ZIM)."]
[Black "Solomon, KT (RSA)."]
[Result "0-1"]
[WhiteElo "2242"]
[BlackElo "2353"]
[PlyCount "106"]
[EventDate "2005.11.04"]
[SourceDate "2005.11.05"]

1. d4 d5 2. Nf3 Nf6 3. c4 c6 4. Nc3 dxc4 5. a4 Bf5 6. Ne5 Nbd7 7. Nxc4 Qc7 8.
f3 e5 9. dxe5 Nxe5 10. e4 Rd8 11. Qc2 Be6 12. Nxe5 Qxe5 13. Be3 Qa5 14. Qf2 Bb4
15. Rc1 O-O 16. Be2 Nd7 17. O-O Bc5 18. Kh1 Bxe3 19. Qxe3 Qb6 20. Qg5 f6 21.
Qg3 Qxb2 22. f4 Qa3 23. Rce1 Qc5 24. Rf3 Rfe8 25. Qh4 Bc4 26. Rh3 Nf8 27. Bh5
Re7 28. e5 f5 29. e6 Rxe6 30. Rxe6 Nxe6 31. Bf3 h6 32. Rg3 Qe3 33. h3 Qxf4 34.
Qxf4 Nxf4 35. Bd1 Rd2 36. a5 Nd5 37. Bh5 f4 38. Rf3 Nxc3 39. Rxc3 Bd5 40. Bf3
a6 41. Kh2 Bxf3 42. Rxf3 Ra2 43. Rb3 f3 44. Kg3 f2 45. Rf3 Ra3 46. Kxf2 Rxf3+
47. Kxf3 Kf7 48. Kf4 Kf6 49. Ke4 Ke6 50. Kf4 Kd5 51. g4 c5 52. h4 c4 53. Ke3 g5
0-1

[Event "African Individual Championship"]
[Site "?"]
[Date "2005.11.10"]
[Round "5"]
[White "Sousa, A (ANG)."]
[Black "Andrade, I (MOZ)."]
[Result "1-0"]
[WhiteElo "2214"]
[BlackElo "2111"]
[PlyCount "81"]
[EventDate "2005.11.04"]
[SourceDate "2005.11.05"]

1. e4 c5 2. Nf3 d6 3. d4 cxd4 4. Nxd4 Nf6 5. Nc3 a6 6. Nb3 Nc6 7. Be2 e6 8. f4
Qb6 9. a3 Be7 10. Qd3 O-O 11. Be3 Qc7 12. O-O Re8 13. Bf3 Rb8 14. a4 b6 15.
Rad1 Nd7 16. Qd2 Nc5 17. Nd4 Bd7 18. Ra1 Red8 19. f5 Bf8 20. Qf2 Nxd4 21. Bxd4
e5 22. Be3 Bc6 23. f6 g6 24. Qh4 Kh8 25. Bh6 Bxh6 26. Qxh6 Rg8 27. Ra3 Qd8 28.
Be2 Qf8 29. Qe3 b5 30. axb5 axb5 31. b4 Na4 32. Nxb5 Bxb5 33. Bxb5 Rxb5 34.
Rxa4 Qb8 35. c3 g5 36. Ra7 Rb7 37. Rfa1 Rxa7 38. Rxa7 Qd8 39. Rxf7 Rg6 40. Qa7
Kg8 41. Rg7+ 1-0

[Event "African Individual Championship"]
[Site "?"]
[Date "2005.11.10"]
[Round "5"]
[White "Aderito, P (ANG)."]
[Black "El Taher, F (EGY)."]
[Result "1/2-1/2"]
[WhiteElo "2288"]
[BlackElo "2482"]
[PlyCount "117"]
[EventDate "2005.11.04"]
[SourceDate "2005.11.05"]

1. d4 Nf6 2. Nf3 g6 3. c4 Bg7 4. Nc3 d6 5. e4 O-O 6. Be2 c5 7. O-O cxd4 8. Nxd4
Nc6 9. Be3 Nxd4 10. Bxd4 Bd7 11. Qd2 Bc6 12. f3 a5 13. Rfd1 Nd7 14. Bxg7 Kxg7
15. Qd4+ Kg8 16. Rac1 Qb6 17. Nd5 Bxd5 18. cxd5 Rfc8 19. Qxb6 Nxb6 20. f4 Na4
21. Bg4 Rxc1 22. Rxc1 Nc5 23. Be2 Nxe4 24. Rc7 Rf8 25. Rxb7 Rc8 26. g4 Rc2 27.
Kf1 h6 28. Rb5 a4 29. a3 Kg7 30. Rb4 Rc1+ 31. Kg2 Nc5 32. h4 Kf6 33. Bb5 h5 34.
g5+ Kg7 35. Kf3 Rc2 36. Bxa4 Nxa4 37. Rxa4 Rxb2 38. Rb4 Rh2 39. a4 Rxh4 40. Kg2
Rg4+ 41. Kh2 Rh4+ 42. Kg2 Rg4+ 43. Kh2 h4 44. a5 Rg3 45. Ra4 Rc3 46. a6 Rc8 47.
Kh3 Kf8 48. Kxh4 Ke8 49. Rb4 Ra8 50. Rb6 Ra7 51. Rb8+ Kd7 52. Rf8 Rxa6 53. Rxf7
Ra5 54. f5 Ra4+ 55. Kg3 Ra3+ 56. Kf4 Ra4+ 57. Kf3 Ra3+ 58. Ke4 Ra4+ 59. Kf3
1/2-1/2

[Event "African Individual Championship"]
[Site "?"]
[Date "2005.11.10"]
[Round "5"]
[White "Ismail, H (EGY)."]
[Black "Simutowe, A (ZAM)."]
[Result "1-0"]
[WhiteElo "2353"]
[BlackElo "2458"]
[PlyCount "89"]
[EventDate "2005.11.04"]
[SourceDate "2005.11.05"]

1. d4 Nf6 2. Nf3 e6 3. e3 b6 4. Bd3 Bb7 5. Nbd2 g6 6. O-O Bg7 7. e4 d6 8. Re1
O-O 9. Nf1 c5 10. c3 Nc6 11. Ng3 h6 12. h3 cxd4 13. cxd4 e5 14. Be3 exd4 15.
Nxd4 Ne5 16. Bf1 d5 17. f4 Nc4 18. Bf2 Nxb2 19. Qc2 Nc4 20. e5 Nh7 21. e6 Qf6
22. f5 Ne5 23. exf7+ Rxf7 24. Rxe5 Qxe5 25. Re1 Rc7 26. Qd3 Qf6 27. Re6 Qd8 28.
Rxg6 Nf8 29. Ne6 Nxe6 30. fxe6 Qh4 31. Bd4 Rf8 32. Rg4 Ba6 33. Qxa6 Qxg4 34.
hxg4 Bxd4+ 35. Kh2 Be5 36. Qd3 h5 37. Kg1 Bxg3 38. Qxg3 Rc1 39. gxh5+ Kh8 40.
Qe5+ Kh7 41. e7 Rcxf1+ 42. Kh2 Re8 43. Qg5 Kh8 44. Qh6+ Kg8 45. Qg6+ 1-0

[Event "African Individual Championship"]
[Site "?"]
[Date "2005.11.10"]
[Round "5"]
[White "Chumfwa, S (ZAM)."]
[Black "Rizouk, A (ALG)."]
[Result "1/2-1/2"]
[WhiteElo "2303"]
[BlackElo "2499"]
[PlyCount "73"]
[EventDate "2005.11.04"]
[SourceDate "2005.11.05"]

1. e4 e5 2. Nf3 Nc6 3. Bb5 Nf6 4. d3 d6 5. O-O g6 6. d4 exd4 7. Nxd4 Bd7 8. Nc3
Bg7 9. Bxc6 bxc6 10. Bg5 h6 11. Bh4 c5 12. Nf3 g5 13. Bg3 Nh5 14. e5 Nxg3 15.
hxg3 Be6 16. Re1 g4 17. Nh2 dxe5 18. Qe2 h5 19. Qb5+ Kf8 20. Rad1 Qe7 21. Nd5
Bxd5 22. Rxd5 Rh6 23. Rxc5 Rd8 24. Rd5 Rxd5 25. Qxd5 c6 26. Qe4 Qe6 27. Rd1 Bf6
28. Qe3 Kg7 29. Qxa7 Qc4 30. Nf1 Bg5 31. Ne3 Qe4 32. Qc5 Rf6 33. Rd8 Bxe3 34.
Qf8+ Kg6 35. Qg8+ Kh6 36. Qh8+ Kg5 37. Rg8+ 1/2-1/2

[Event "African Individual Championship"]
[Site "?"]
[Date "2005.11.10"]
[Round "5"]
[White "Belkhodja, S (TUN)."]
[Black "Frhat, A (EGY)."]
[Result "1/2-1/2"]
[WhiteElo "2490"]
[BlackElo "2306"]
[PlyCount "77"]
[EventDate "2005.11.04"]
[SourceDate "2005.11.05"]

1. e4 c5 2. Nf3 e6 3. d3 d5 4. Qe2 Ne7 5. g3 Nbc6 6. Bg2 g6 7. h4 h6 8. O-O Bg7
9. e5 O-O 10. Re1 f6 11. exf6 Rxf6 12. c4 Qd6 13. Nc3 Bd7 14. Be3 a6 15. Bf4
Rxf4 16. gxf4 Qxf4 17. Qd2 Qd6 18. Ne2 Rf8 19. Rad1 Nf5 20. cxd5 exd5 21. d4
Ncxd4 22. Nfxd4 Nxd4 23. Nxd4 Bxd4 24. Qxh6 Bxf2+ 25. Kh1 Bc6 26. Re4 d4 27.
Rg4 Bxg2+ 28. Rxg2 Rf6 29. h5 Be3 30. Rxg6+ Rxg6 31. Qxg6+ Qxg6 32. hxg6 Kg7
33. Kg2 Kxg6 34. Kf3 Kf5 35. Rh1 Ke5 36. Rh5+ Kd6 37. Ke4 c4 38. b3 c3 39. Kd3
1/2-1/2